| 000 | 02587cam a22004454i 4500 | ||
|---|---|---|---|
| 003 | PE-LiUPU | ||
| 005 | 20250731165437.0 | ||
| 008 | 160524s2016 pe grm 000 0 spa d | ||
| 035 | _a(Sirsi) a156811 | ||
| 040 |
_aPE-LiUPU _bspa _cPE-LiUPU _erda |
||
| 099 |
_aTEF 2 _bV23 2016 |
||
| 100 | 1 |
_aVallejos Shica, Víctor Josué _eautor |
|
| 245 | 1 |
_aMotivación hacia la investigación que poseen los profesionales de enfermería en dos hospitales públicos de Lima Este, 2015 / _cVictor Josué Vallejos Shica. |
|
| 264 | 0 | _c2016. | |
| 300 |
_a101 hojas _c30 cm |
||
| 336 |
_atext _2rdacontent |
||
| 337 |
_aunmediated _2rdamedia |
||
| 338 |
_avolume _2rdacarrier |
||
| 502 |
_aTesis _b(Lic.) -- _cUniversidad Peruana Unión, _d2016. |
||
| 504 | _aIncluye bibliografía | ||
| 520 | 3 | _aEl objetivo del estudio fue determinar si existes diferencias significativas en la motivación hacia la investigación entre los profesionales de enfermería de los Hospitales Huaycan y José Agurto Tello, Lima 2015. El estudio fue de enfoque cuantitativo, de diseño no experimental de tipo descriptivo, comparativo y de corte transversal. El método de muestreo fue no probabilístico, por intención. La muestra estuvo conformada por 109 profesionales de enfermería de los hospitales Huaycan (47) y José Agurto Tello (62). El instrumento utilizado fue el cuestionario "Motivación hacia la investigación", el cual estuvo conformado por cinco dimensiones: organización de la vida personal, profesional y gestión del tiempo, conocimientos y preparación profesional de enfermería, recursos disponibles y apoyos, motivaciones. No se encontraron diferencias significativas entre ambos hospitales (p valor de ,166) respecto a motivación hacia la investigación. En tanto en la dimensión desarrollo profesional hubo diferencia significativa (p valor =0,027). No existen diferencias significativas en la motivación hacia la investigación de los profesionales de enfermería que trabajan en los hospitales Huaycan y José Agurto Tello. | |
| 526 | _aSEG44 | ||
| 526 | _aSEG26 | ||
| 526 | _aP151 | ||
| 526 | _aP150 | ||
| 526 | _aP149 | ||
| 526 | _aP146 | ||
| 526 | _aP145 | ||
| 526 | _aP126 | ||
| 526 | _aP125 | ||
| 526 | _aP92 | ||
| 526 | _aP75 | ||
| 526 | _aP74 | ||
| 526 | _aP27 | ||
| 526 | _aP15 | ||
| 596 | _a1 | ||
| 650 | 0 | 4 |
_aEnfermeros _xInvestigación científica _vTesis. |
| 942 |
_2ddc _cTESIS |
||
| 999 |
_aTEF 2 V23 2016 _wALPHANUM _c9462 _iT01945 _lCCODEBUL3 _mBUL _r1 _sY _tTESIS _u2016-5-24 _xSALUD _PP22 _o.STAFF. Tesis _d9462 |
||
| 980 |
_81 _gALBERTO SANCHEZ Responsable de Automatización |
||